Řízení bankovních rizik v J.P. Morgan

Riadenie bankových rizík na príklade americkej banky J.P.Morgan (JPM). Banka sa špecializuje na riadenie bankových rizík a určuje v tomto smere svetový vývoj. Hlavné riziká JPM sú úverové, trhové, likvidné, právne, riziko zverených hodnôt, riziko externého správcu, operačné riziko.

Guardado en:
Detalles Bibliográficos
Autor principal: Jílek, Josef
Formato: Capítulo de libro
Lenguaje:checo
Materias:
Etiquetas: Agregar Etiqueta
Sin Etiquetas, Sea el primero en etiquetar este registro!

MARC

LEADER 00000naa a2200000 4500
001 r025054
005 20230908090045.2
041 0 |a cze 
044 |a CZ 
245 1 0 |a Řízení bankovních rizik v J.P. Morgan  |c J. Jílek 
520 |a Riadenie bankových rizík na príklade americkej banky J.P.Morgan (JPM). Banka sa špecializuje na riadenie bankových rizík a určuje v tomto smere svetový vývoj. Hlavné riziká JPM sú úverové, trhové, likvidné, právne, riziko zverených hodnôt, riziko externého správcu, operačné riziko. 
610 2 0 |a riziko bankové 
610 2 0 |a risk management 
610 2 0 |a banky 
610 2 0 |a J.P.Morgan and Co. Incorporated New York 
610 2 0 |a USA 
610 2 0 |a spoločnosti holdingové 
610 2 0 |a riziko 
610 2 0 |a trh 
610 2 0 |a likvidita 
610 2 0 |a úver 
100 1 |a Jílek, Josef